=LDR 00000nam 2200000 4500 =001 NUTBA000000000003192 =005 20141023111038.0 =006 =007 =008 =020 ##$$a 979-20-6539-3 =035 ##$$a 0010-081400000000036 =040 ##$$a Ind =082 ##$$a 616. 81 =090 ##$$a 616.81$bTap p =100 ##$$a Tapan, Erik =245 ##$$a Penyakit degeneratif$cErik tapan =260 ##$$a Jakarta$bEkexmedia komputindo$c[Sa]. =300 ##$$a Xiv,141 HLm$bIlus$c21 cm. =850 ##$$a NBPNMAT =990 ##$$a 21106531 =990 ##$$a 0001/BPAP-NTB/20142014